• 首页
  • 本馆介绍
  • 公告通知
  • 最新文献
  • 馆藏检索
  • 电子资源
  • 读者导购
  • 参考咨询
  • 我的图书馆
  • 登录
  • 详细信息显示
  • 放入我的书架
  • 预约/预借图书
  • 作者相关作品
  • 分类相关作品
  • 丛书相关作品
  • 出版社相关作品

书目信息

  • 表格格式
  • 工作单格式
  • 卡片格式
题名:
容斋随笔
    
 
作者: 洪迈 撰 ;段青峰 选译
分册:  
出版信息: 武汉   崇文书局  2015
页数: 244页
开本: 24cm
丛书名: 崇文国学经典普及文库
单 册:
中图分类: Z429.442
科图分类:
主题词: 随笔--sui bi--作品集--中国--南宋
电子资源:
ISBN: 978-7-5403-3900-5
000 01063nam0 22003011 450
001 0109172451
005 20170310083738.68
010    @a978-7-5403-3900-5@dCNY28.80
100    @a20160517e20162015em y0chiy50 ea
101 0  @achi
102    @aCN@b420000
105    @aa z 000cy
106    @ar
200 1  @a容斋随笔@9rong zhai sui bi@f(南宋)洪迈撰@g段青峰选译
205    @a2版
210    @a武汉@c崇文书局@d2015@h2016重印
215    @a244页@c图@d24cm
225 2  @a崇文国学经典普及文库@9chong wen guo xue jing dian pu ji wen ku
330    @a《容斋随笔》是一部读书笔记,内容涉及名人轶事、朝政掌故、历史传说、读书心得、生活琐事等。本书精选了部分具有较高史料价值和文学价值的作品,以飨读者。
461  0 @12001 @a崇文国学经典普及文库
500 10 @a容斋随笔
605    @a《容斋随笔》@Arong zhai sui bi@x译文
606 0  @a随笔@9sui bi@x作品集@y中国@z南宋
690    @aZ429.442@v5
701  0 @c(宋)@a洪迈@9hong mai@f(1123~1202)@4撰
702  0 @a段青峰@9duan qing feng@4选译
801  0 @aCN@bTANGWEI@c20170308
905    @b0953828-31@dZ429.442@e62=2@f4
    
    容斋随笔/(南宋)洪迈撰/段青峰选译.-2版.-武汉:崇文书局,2015(2016重印)
    244页:图;24cm.-(崇文国学经典普及文库)
    
    
    ISBN 978-7-5403-3900-5:CNY28.80
    《容斋随笔》是一部读书笔记,内容涉及名人轶事、朝政掌故、历史传说、读书心得、生活琐事等。本书精选了部分具有较高史料价值和文学价值的作品,以飨读者。
●
相关链接 在E读中查询图书 在五车中查询图书 在当当中查询图书 在豆瓣中查询图书


正题名:容斋随笔     索取号:Z429.442/62=2         预约/预借

序号 登录号 条形码 馆藏地/架位号 状态 备注
1 0953828   209538286   第二样本阅览室/ [索取号:Z429.442/62=2] 在馆    
2 0953829   209538295   第三借阅区/ [索取号:Z429.442/62=2] 在馆    
3 0953830   209538302   第三借阅区/ [索取号:Z429.442/62=2] 在馆    
4 0953831   209538311   第三借阅区/ [索取号:Z429.442/62=2] 在馆    
唐山师范学院图书馆 欢迎您!
大连网信软件有限公司© 版权所有